| 000 | 01668nam a2200421 c 4500 | ||
|---|---|---|---|
| 001 | 53942 | ||
| 003 | ES-MaCES | ||
| 005 | 20251121125832.0 | ||
| 007 | cr ||||||||||| | ||
| 008 | 251106s2024 sp rt 000 | spa d | ||
| 040 |
_aES-MaCES _bspa _cES-MaCES |
||
| 100 | 1 |
_941557 _aVidal López, Tania |
|
| 245 | 1 | 3 |
_aLa realidad de la violencia vicaria en España _hRecurso electrónico _b: el menor como el instrumento más poderoso de un maltratador de género _cTania Vidal López |
| 260 |
_aMadrid [etc.] _bMarcial Pons, Ediciones Jurídicas y Sociales _c2024 |
||
| 300 |
_a1 documento pdf (p. 325-342) _e(826 kb) |
||
| 500 | _aEn: Puentes del saber, investigación, innovación y transferencia del conocimiento en la universidad contemporánea / Juan Enrique Gonzálvez ...(Coords.). - ISBN: 978-84-1381-898-6 | ||
| 504 | _aBibliografía: p. 340-341 | ||
| 541 | _cGratuito | ||
| 650 | 4 |
_aviolencia _929388 |
|
| 650 | 4 |
_amujeres _928657 |
|
| 650 | 4 |
_amalos tratos _930808 |
|
| 650 | 4 |
_ahogar _927911 |
|
| 650 | 4 |
_afamilia _927318 |
|
| 650 | 4 |
_aacoso sexual _929555 |
|
| 650 | 4 |
_adiscriminación por razones de sexo _929521 |
|
| 650 | 4 |
_aevaluación del impacto _930732 |
|
| 650 | 4 |
_aniños _928517 |
|
| 650 | 4 |
_aprotección de menores _930974 |
|
| 650 | 4 |
_aderechos del niño _929912 |
|
| 650 | 4 |
_aEspaña _926964 |
|
| 650 | 4 |
_aestudio de casos _928846 |
|
| 653 | 1 | 0 | _aMujer |
| 710 | 2 |
_91819 _aCIDOB _eed. |
|
| 856 | 4 |
_uhttps://doi.org/10.37417/e2brpb42 _yhttps://doi.org/10.37417/e2brpb42 |
|
| 856 | 4 |
_uhttps://doi.org/10.37417/7a1m4b256 _yhttps://doi.org/10.37417/7a1m4b256 |
|
| 902 | _aELE PUB. ELECTRONICA | ||
| 942 |
_2CES _cBK _h3.3. |
||
| 999 |
_c53942 _d53942 |
||